000 00400nam a22001697a 4500
005 20260407170131.0
008 160627b xxu||||| |||| 00| 0 eng d
020 _a978-0-330-44688-4
041 _aeng
082 _a813.54
100 _aCabot, Meg.
_98922
245 _aThe Princess Diaries :After Eight
260 _bMac Millan
300 _a228
650 _aenglish fiction
_98925
942 _cBK
999 _c4128
_d4127